000
00294nam a22001337a 4500
008
180117b xxu||||| |||| 00| 0 eng d
020
_a
9780737707069
041
_a
eng
080
_a
94
100
_a
16
101
_a
HIS
245
_a
The technological revolution
_c
Leone,D
942
_2
udc
_c
BK
999
_c
40398
_d
40398